| 000 | 01278nam a2200289 a 4500 | ||
|---|---|---|---|
| 003 | OSt | ||
| 005 | 20250422072847.0 | ||
| 007 | cr ||||||a|c|a | ||
| 008 | 231129s2023 mx d|||fom||| 00| 0 spa d | ||
| 040 | _erda | ||
| 100 | 1 |
_9188331 _aBañuelos Juárez, José Tonanci |
|
| 245 | 1 |
_aEvaluación del fitoestimulante Frutigrow ® en higo (Ficus carica L. cv. Nezahualcóyotl) bajo invernadero / _cpor José Tonanci Bañuelos Juárez; director de tesis Samuel Sánchez Dominguez. |
|
| 264 | 1 |
_aChapingo, México : _bEl autor, _c2023. |
|
| 300 |
_a1 recurso en línea (52 páginas): _bgráficas. |
||
| 336 |
_2rdacontent _atexto _btxt |
||
| 337 |
_2rdamedia _acomputadora _bc |
||
| 338 |
_2rdacarrier _arecurso en línea _bcr |
||
| 502 |
_bIAEF _cFitotecnia _d2023. _gLIC |
||
| 504 | _aIncluye referencias bibliográficas: páginas 38-43. | ||
| 650 | 4 |
_9131429 _aReguladores de crecimiento de las plantas _xAnálisis |
|
| 650 | 4 |
_940449 _aFertilizantes _xAnálisis |
|
| 650 | 4 |
_9130664 _aFertilizantes _xEfecto en higo |
|
| 650 | 4 |
_9130276 _aHigo _xRendimiento |
|
| 700 | 1 |
_aSánchez Domínguez, Samuel _edirector. _9107478 |
|
| 856 |
_uhttp://10.13.5.2/tesis/tl/1410199-8_BANUELOS_JUAREZ_JOSETONANCI.pdf _zDESCARGAR PDF |
||
| 942 |
_2Clasificación Universidad Autónoma Chapingo _cTD |
||
| 999 |
_c219474 _d219474 |
||